| 000 | 01424nam a22003977a 4500 | ||
|---|---|---|---|
| 003 | CHAP | ||
| 005 | 20220817044114.0 | ||
| 008 | 060526d2005 mx abd r 00110 spa d | ||
| 010 | _a92282 | ||
| 011 | _a93254 | ||
| 020 | _a9709872052 | ||
| 035 | _a103826 | ||
| 040 | _cCHAP | ||
| 082 | 0 | 4 |
_a323.35 _bB8 |
| 100 | 0 | 0 |
_aBustamante Alvarez, Tomás. _916364 |
| 245 | 1 | 0 |
_aPlan estratégico de desarrollo de la Sierra de Guerrero _c/coord. por Tomás Bustamante Álvarez y Antonio Cervantes Núñez |
| 260 |
_aChilpancingo, Gro. _bSecretaría de la Reforma Agraria, _c2005 |
||
| 300 |
_a90 p. : _bilus. ; mapa ; cuadros |
||
| 590 |
_aBATCH-UPD _b10 _c20130110 _lUCH01 _h0323 |
||
| 590 |
_aBATCH-UPD _b10 _c20130110 _lUCH01 _h1634 |
||
| 590 |
_aBATCH-UPD _b10 _c20130409 _lUCH01 _h2356 |
||
| 590 |
_aBATCH-UPD _b10 _c20130914 _lUCH01 _h0758 |
||
| 590 |
_aCONVERSION _b10 _c20130109 _lUCH01 _h1351 |
||
| 650 | 1 | 4 |
_aDesarrollo de la comunidad rural _zGuerrero. _932037 |
| 650 | 1 | 4 | _aDesarrollo económico. |
| 650 | 1 | 4 | _aDesarrollo social. |
| 650 | 1 | 4 | _aDesarrollo sustentable. |
| 650 | 1 | 4 |
_aGuerrero _xCondiciones rurales. _951180 |
| 650 | 1 | 4 |
_aMedio ambiente. _974065 |
| 650 | 1 | 4 |
_aRecursos naturales _zGuerrero. _995327 |
| 700 | 0 |
_aCervantes Núñez, Antonio. _921596 |
|
| 901 | _aBK | ||
| 905 | _aMarco A. Mendoza T. | ||
| 942 | _cLIBRO | ||
| 949 |
_a323.35 B8 _bBC _cLIBRO _d33724000990859 _eLIBRO _gDonaciØn _h108034 _i103826 _si |
||
| 999 |
_c92282 _d92282 |
||